| 000 | 00978nam a2200253 i 4500 | ||
|---|---|---|---|
| 001 | 125093 | ||
| 003 | ES-MaACL | ||
| 005 | 20240524110555.0 | ||
| 007 | t| | ||
| 008 | 070503s1931 sp ||||1| spa d | ||
| 080 | _a860-22"19" | ||
| 100 | 1 |
_aCastellón, José. _936572 |
|
| 245 | 1 | 0 |
_aMonte de abrojos _b: romance de aldea en tres actos / _cJosé Castellón ; dibujos de Gutiérrez Navas. |
| 260 |
_aMadrid : _bRibadeneyra, _c1931. |
||
| 300 |
_a58 p. ; _c17 cm. |
||
| 490 | 1 |
_aLa Farsa ; _v180 |
|
| 500 | _aEstrenada en el Teatro de Calderón de Madrid, el día 14 de noviembre, de 1930. | ||
| 500 | _aPremio Infantado 1930. | ||
| 500 | _aCubierta de este número: Carmen Muñoz Gar primera actriz de la Compañía de Enrique Borrás, que dió vida escénica a Isabela de Monte de Abrojos. | ||
| 700 | 1 |
_aGutiérrez Navas, Manuel, _d1890-1971 _961196 |
|
| 830 | 0 |
_aLa Farsa ; _v180 _9185863 |
|
| 852 |
_aES-MaACL _j2229-F-7 _bR.140840 |
||
| 999 |
_c125093 _d125093 |
||